| Поле | Название | Значение |
| |
Тип записи |
a |
| |
Библиографический уровень |
m |
| 001 |
Контрольный номер |
RU/IS/BASE/382719637 |
| 005 |
Дата корректировки |
20250210121629.5 |
| 010 |
Индекс ISBN |
__ |
| a |
ISBN |
978-5-9555-1445-1 |
| d |
Цена |
136-07 |
| 101 |
Язык документа |
0_ |
| a |
Язык текста |
rus |
| 200 |
Заглавие и сведения об ответственности |
1_ |
| a |
Заглавие |
Дубровский |
| e |
Сведения, относящиеся к заглавию |
роман : [для сред. шк. возраста] |
| f |
Первые сведения об ответственности |
А. С. Пушкин |
| b |
Общее обозначение материала |
Текст |
| 210 |
Выходные данные |
1_ |
| a |
Место издания |
М. |
| c |
Издательство |
Дрофа-Плюс |
| d |
Дата издания |
2010 |
| 215 |
Физическое описание |
__ |
| a |
Объем |
109, [3] с. |
| 225 |
Серия |
2_ |
| a |
Серия |
Школьное чтение |
| 330 |
Аннотация |
__ |
| a |
Аннотация |
Однажды друг рассказал Пушкину историю одного небогатого дворянина, который соседом был вытеснен из имения и, оставшись с одними крестьянами, стал грабить на большой дороге. История, рассказанная другом, так заинтересовала Пушкина, что он задумал написать роман, ставший бесценной жемчужиной русской литературы. |
| 606 |
Тематические рубрики |
__ |
| a |
Основная рубрика |
Художественная литература |
| 606 |
Тематические рубрики |
__ |
| a |
Основная рубрика |
Русская литература XIX в. (произведения) |
| 610 |
Ключевые слова |
0_ |
| a |
Ключевые слова |
детская литература; романы; проза; тема любви; тема крестьянства; тема протеста; тема мести; тема предательства; тема дружбы; тема дворянства |
| 686 |
Индексы других классификаций |
__ |
| a |
Классификационный индекс |
84(2=411.2)52-4; ст84(2Рос=Рус)1-4 |
| 700 |
Автор |
_1 |
| a |
Фамилия |
Пушкин |
| b |
Имя |
А. С. |
| g |
Полное личное имя |
Александр Сергеевич |
| 4 |
Код отношения |
070 |
| 801 |
Источник записи |
_0 |
| a |
Страна |
RU |
| b |
Организация |
Муниципальное бюджетное учреждение культуры "Централизованная библиотечная система" г. Сургут (Центральная городская библиотека им. А. С. Пушкина) |
| g |
Правила каталогизации |
КиК/Лукашук |
| 801 |
Источник записи |
_1 |
| a |
Страна |
RU |
| b |
Организация |
Муниципальное бюджетное учреждение культуры "Централизованная библиотечная система" г. Сургут (Центральная городская библиотека им. А. С. Пушкина) |
| g |
Правила каталогизации |
КиК/Лукашук |
| 852 |
Данные о местонахождении |
__ |
| j |
Шифр хранения |
84(2=411.2)52-4 |
| i |
Авторский знак |
П 91 |
| 901 |
Тип документа |
__ |
| t |
Тип документа |
m |
| 903 |
Характеристики (МАРС) |
__ |
| a |
Дата передачи |
20120216 |
| 990 |
Данные о заказе (DOS) |
__ |
| j |
Количество экземпляров (DOS) |
13 |
| h |
N записи в КСУ для Б/У (DOS) |
201203 |